| 000 | 01028nam0a2200265 4500 | ||
|---|---|---|---|
| 001 | RU\NLR\BIBL_A\022517283 | ||
| 005 | 20250806203701.0 | ||
| 035 | _a(NLR Aleph) 022517283 | ||
| 090 |
_a87855 _c87855 |
||
| 100 | _a20250409d1941 m y0rusy50 ca | ||
| 101 | 0 | _atuk | |
| 102 | _aTM | ||
| 105 | _ay z 000 y | ||
| 181 | 0 |
_ai _baxxe |
|
| 182 | 0 | _an | |
| 200 | 1 |
_aЧагалары ич гечме кеселинден нәхили горамалы _fА. И. Доброхотова |
|
| 203 |
_aТекст _bвизуальный _cнепосредственный |
||
| 210 |
_aАшгабат _cТүркмендѳвлетнешр _d1941 |
||
| 215 |
_a10,[2] c. _d22 |
||
| 541 | 1 |
_aКак уберечь детей от поноса _zrus |
|
| 700 | 1 |
_aДоброхотова _bА. И. _cпедиатр-инфекционист _f1884-1958 _gАлександра Ивановна _3RU\NLR\AUTH\770214843 _4070 |
|
| 942 | _cBOOK | ||
| 945 | _aРоссийская национальная библиотека | ||
| 980 | _aBV | ||